00918nam a2200265Ia 4500001001000000003000500010008004100015010001100056040000900067090001900076110003200095245013900127260005300266300002300319650002200342650003900364901001900403902000600422905006300428910000900491942000900500942001200509999001900521952011200540Para_6540CHAP220125s1999 xx 000 0 und d a205098 cCHAP aPA FOLLETO 546 aDow Chemical Company934104 aMalezas graminéas? obstruyen los canales de riego?, los desagues?, los caminos? combátalas con Dowpon /c por Dow Chemical Company aMéxico :b Dow Chemical Inter-american Limited a1 hoja desplegable aHerbicidas953691 aMalas hierbas x control 970011 aPA FOLLETO 546 aA a00000019-- 0000000000 00 a19-- cPARA cPARAd1 c205098d205098 00102local40708FOLLaPAbPAc12d2005-10-27fPARAl0pPA_4771r2022-01-25 00:00:00w2022-01-25yFOLLz3